Κρυμμένο στο Αιγαίο : μια αληθινή ιστορία

Αποθηκεύτηκε σε:
Λεπτομέρειες βιβλιογραφικής εγγραφής
Κύριος συγγραφέας: Παπαϊωάννου, Σοφία, 1969-
Μορφή: Βιβλίο
Γλώσσα:Greek
Δημοσίευση: Αθήνα : Πατάκης, 2011.
Έκδοση:4 έκδ.
Σειρά:Ντοκουμέντα-Βιογραφίες
Θέματα:
Ετικέτες: Προσθήκη ετικέτας
Δεν υπάρχουν, Καταχωρήστε ετικέτα πρώτοι!

MARC

LEADER 00000cam a2200000 a 4500
001 1/120098
008 191010s2011####gr | ||| |||| ||gre||
020 |a 9789601640570 
040 |a GR-MyUa  |b gre  |c GR-MyUa  |e AACR2 
041 0 |a gre 
082 7 |a 920.71   |2 (23) 
100 1 |a Παπαϊωάννου, Σοφία,   |d 1969- 
245 1 0 |a Κρυμμένο στο Αιγαίο :   |b μια αληθινή ιστορία /   |c Σοφία Παπαϊωάννου.  
250 |a 4 έκδ.  
260 |a Αθήνα :   |b Πατάκης,   |c 2011.  
300 |a 300 σ. :   |b εικ., φωτ. ;   |c 21 εκ.  
490 1 |a (Ντοκουμέντα - Βιογραφίες / Πατάκης)  
500 |a Η συγκλονιστική ιστορία του Δωδεκανήσιου Μιχάλη Κουτλάκη στη δίνη του Δευτέρου Παγκοσμίου Πολέμου.  
500 |a Περιέχει υποσημειώσεις.  
600 1 0 |a Κουτλάκης, Μιχαήλ Εμμ.,   |d 1919-1944. 
650 0 |a Greek literature  |x Biography. 
650 0 |a Biography as a literary form. 
650 0 |a Heroes in literature. 
651 0 |a Dodecanese Islands (Greece) 
830 0 |a Ντοκουμέντα-Βιογραφίες  
852 |a INST  |b RHODES  |e 20191010  |h 920.71 ΠΑΠ  |p 005400041194  |q 005400041194  |t BK  |y 0 
920 |a Δωρεά Βιβλιοθήκης  |y Ρόδος  |z 2019-10 
970 |a Μαρία  |b Κωτάκου  |z 10-10-2019